000 00660nam a2200229Ia 4500
003 OSt
005 20220923221845.0
006 a|||||r|||| 00| 0
007 ta
008 220922b |||||||| |||| 00| 0 hin d
024 _a200,545
037 _cTextual
040 _aARTS
_cARTS
_bhin
041 _2hin
_ahin
082 _aV2:25xM69w, 152K2.12-1
100 _aत्रिपाठी, कमलापति
245 0 _aअछूतोद्वार
246 _aAchhūtodvāra
260 _c1962
942 _hV2:25xM69w, 152K2.12-1
_cTEXL
_2CC
999 _c352217
_d352217